000 01581ncm0a2200373 4500
001 RU\NLR\ONIZ\219178
005 20250626085020.0
013 _a979-0-706385-28-0
021 _aRU
_b15-203н
_915-11н
035 _a(NLR Aleph) 011534749
090 _a12162998
_c12162998
100 _a20170803d2015 |||y0rusy50 ca
101 0 _arus
102 _aRU
125 _aax
145 0 _ab
200 1 _aСборник переложений Н. М. Цыгановой для 2 фортепиано из балета В. Ковалёва "Девушка и Смерть"
_bНоты
210 _aСаратов
_cСГК им. Л.В. Собинова
_d2015
215 _a40 с.
_cфото
_d29 см
604 _1700#1$aКовалёв$gВиктор Владимирович$bВ. В.$f1919-1993
_150010$aДевушка и Смерть$xНоты$2nlr_sh
606 1 _aПереложения для 2 фортепиано в 4 руки
_jНоты
_2nlr_sh
686 _aЩ952.424.4-097.2я44(2Р)
_vLBC/SL
_2rubbk
700 1 _9z03790
_aЦыганова
_bН. М.
_f1899-1974
_gНадежда Михайловна
_4030
702 1 _9z02790
_aКовалёв
_bВ. В.
_f1919-1993
_gВиктор Владимирович
_4230
790 1 _9z02702
_aKovalyov
_bV.
_f1919-1993
_gViktor
_4230
790 1 _9z03700
_aCzy`ganova
_bN.
_f1899-1974
_gNadezhda
_4030
801 0 _aRU
_bNLR
_c20170803
_gPSBO
801 1 _aRU
_bNLR
_c20170803
_2rusmarc
801 2 _aRU
_bNLR
_c20190630
852 _aNLR
_bМ
_jК-3/28669
_pМОЭ 2015-11н/203н
_t1
942 _cSCORE
980 _aNB
980 _aONIZ